[Event "Dvorkovich Memorial op 6th"]
[Site "Taganrog"]
[Date "2011.08.01"]
[Round "1"]
[White "Rakhmangulov, Andrei"]
[Black "Chernov, Alexander"]
[Result "1-0"]
[WhiteElo "2399"]
[BlackElo "2195"]
[PlyCount "71"]
[EventDate "2011.08.01"]
[EventType "swiss"]
[EventRounds "9"]
[EventCountry "RUS"]
[SourceTitle "CBM 144 Extra"]
[Source "ChessBase"]
[SourceDate "2011.10.28"]
[SourceVersion "1"]
[SourceVersionDate "2011.10.28"]
[SourceQuality "1"]

1. d4 g6 2. Nf3 Bg7 3. c3 b6 4. e4 Bb7 5. Bd3 e6 6. h4 h6 7. Bf4 d6 8. a4 a6 9. Na3 Nf6 10. Qe2 Qe7 11. e5 Nfd7 12. exd6 cxd6 13. Nc4 e5 14. dxe5 dxe5 15. Nfxe5 Nxe5 16. Bxe5 Bxe5 17. Nxe5 Bxg2 18. Rg1 Nc6 19. Nxg6 fxg6 20. Bxg6+ Kf8 21. Qxe7+ Nxe7 22. Rxg2 Nxg6 23. Rxg6 Rg8 24. Rxg8+ Kxg8 25. 0-0-0 Rf8 26. Rd6 Kg7 27. Rxb6 Rxf2 28. Rxa6 Rh2 29. a5 Rxh4 30. Rd6 Kf7 31. a6 Rh1+ 32. Kc2 h5 33. a7 Ra1 34. Rh6 Kg7 35. Rxh5 Rxa7 36. Rf5 1-0

[Event "Taganrog-ch"]
[Site "Taganrog"]
[Date "2010.12.11"]
[Round "11"]
[White "Guschin, Vladimir I"]
[Black "Chernov, Alexander"]
[Result "1/2-1/2"]
[WhiteElo "2174"]
[BlackElo "2195"]
[PlyCount "61"]
[EventDate "2010.11.18"]
[EventType "tourn"]
[EventRounds "13"]
[EventCountry "RUS"]
[SourceTitle "EXT 2014"]
[Source "ChessBase"]
[SourceDate "2013.11.20"]
[SourceVersion "1"]
[SourceVersionDate "2013.11.20"]
[SourceQuality "1"]

1. e4 g6 2. d3 Bg7 3. Nd2 a6 4. g3 b6 5. Bg2 Bb7 6. f4 e6 7. Ngf3 Ne7 8. 0-0 0-0 9. Nc4 d6 10. Ne3 Nd7 11. c3 a5 12. f5 exf5 13. exf5 Nd5 14. Nxd5 Bxd5 15. Ng5 Bxg2 16. Kxg2 Qc8 17. Bd2 Qa6 18. d4 Rae8 19. Rf2 h6 20. fxg6 Qa8+ 21. Nf3 fxg6 22. Qb3+ Kh7 23. Raf1 Nf6 24. h3 Ne4 25. Re2 Rxf3 26. Rxf3 Ng5 27. Rxe8 Qxf3+ 28. Kg1 Qxg3+ 29. Kf1 Qxh3+ 30. Ke2 Qf3+ 31. Ke1 1/2-1/2

[Event "Kemerovo Sports School-ch"]
[Site "Kemerovo"]
[Date "2008.10.27"]
[Round "9"]
[White "Chernov, Alexander"]
[Black "Chigaev, Maksim"]
[Result "0-1"]
[WhiteElo "2201"]
[BlackElo "2125"]
[PlyCount "90"]
[EventDate "2008.10.18"]
[EventType "swiss"]
[EventRounds "9"]
[EventCountry "RUS"]
[SourceTitle "EXT 2022"]
[Source "ChessBase"]
[SourceDate "2021.10.06"]
[SourceVersion "1"]
[SourceVersionDate "2021.10.06"]
[SourceQuality "1"]

1. e4 c5 2. Nf3 Nc6 3. d4 cxd4 4. Nxd4 g6 5. Nc3 Bg7 6. Be3 Nf6 7. Bc4 0-0 8. Bb3 d6 9. f3 Bd7 10. Qd2 Ne5 11. g4 Rc8 12. h4 b5 13. h5 b4 14. Nd5 Nxd5 15. Bxd5 e6 16. Bb3 Nc4 17. Bxc4 Rxc4 18. b3 Rc3 19. Bh6 Bxh6 20. Qxh6 g5 21. 0-0-0 f6 22. f4 Rc5 23. fxg5 Rxg5 24. Nf3 Rg7 25. Rxd6 Qc7 26. Qd2 Bc6 27. h6 Rxg4 28. Re1 Bxe4 29. Rxe4 Rxe4 30. Nd4 Qxd6 31. Qg2+ Kf7 32. Qxe4 f5 33. Qb7+ Qe7 34. Qb5 Rd8 35. Nf3 Rd5 36. Qb8 Qf6 37. Qxa7+ Kg6 38. Qg1+ Kxh6 39. Kb1 e5 40. Qh1+ Kg7 41. Nh4 e4 42. Qg1+ Kh8 43. Ng2 f4 44. Qf1 Qd6 45. Kb2 Rd1 0-1

[Event "Kemerovo Sports School-ch"]
[Site "Kemerovo"]
[Date "2008.10.24"]
[Round "6"]
[White "Konyshev, Artem"]
[Black "Chernov, Alexander"]
[Result "1-0"]
[WhiteElo "2329"]
[BlackElo "2201"]
[PlyCount "85"]
[EventDate "2008.10.18"]
[EventType "swiss"]
[EventRounds "9"]
[EventCountry "RUS"]
[SourceTitle "EXT 2022"]
[Source "ChessBase"]
[SourceDate "2021.10.06"]
[SourceVersion "1"]
[SourceVersionDate "2021.10.06"]
[SourceQuality "1"]

1. c4 c5 2. Nc3 Nc6 3. g3 g6 4. Bg2 Bg7 5. a3 Nf6 6. Rb1 a5 7. d3 0-0 8. e4 d6 9. Nge2 e5 10. 0-0 Be6 11. Nd5 Nd4 12. Bg5 Nxe2+ 13. Qxe2 Bxd5 14. exd5 h6 15. Bd2 a4 16. b4 axb3 17. Rxb3 Ra7 18. Rfb1 Nd7 19. Qg4 b6 20. Bh3 Kh7 21. Kh1 f5 22. Qe2 g5 23. Bxf5+ Rxf5 24. Qe4 Qf6 25. g4 Ra8 26. Qxf5+ Qxf5 27. gxf5 Rf8 28. a4 Rxf5 29. Kg2 Rf8 30. a5 bxa5 31. Rb7 Nf6 32. Rb8 Rxb8 33. Rxb8 e4 34. dxe4 Nxe4 35. Bxa5 g4 36. Re8 Be5 37. f3 gxf3+ 38. Kxf3 Ng5+ 39. Kg2 Nf7 40. Be1 Kg6 41. Re6+ Kf5 42. Bg3 h5 43. Re7 1-0

[Event "Kemerovo op"]
[Site "Kemerovo"]
[Date "2007.07.25"]
[Round "4"]
[White "Baboyan, Eduard"]
[Black "Chernov, Alexander"]
[Result "0-1"]
[WhiteElo "1957"]
[BlackElo "2199"]
[PlyCount "92"]
[EventDate "2007.07.23"]
[EventType "swiss"]
[EventRounds "9"]
[EventCountry "RUS"]
[SourceTitle "EXT 2022"]
[Source "ChessBase"]
[SourceDate "2021.10.06"]
[SourceVersion "1"]
[SourceVersionDate "2021.10.06"]
[SourceQuality "1"]

1. d4 Nf6 2. Nf3 g6 3. c4 Bg7 4. Nc3 d5 5. cxd5 Nxd5 6. e4 Nxc3 7. bxc3 c5 8. Be3 0-0 9. Bc4 Nc6 10. 0-0 Bg4 11. Bd5 e6 12. Bxc6 bxc6 13. Qd2 Bxf3 14. gxf3 Qa5 15. Rfd1 Rfd8 16. Rac1 Rab8 17. Qc2 c4 18. f4 Qh5 19. Re1 Qg4+ 20. Kf1 Qf3 21. Kg1 Rb5 22. e5 Qg4+ 23. Kh1 Qf3+ 24. Kg1 Rdb8 25. Rb1 Bh6 26. Rxb5 cxb5 27. Qe2 Qd5 28. Bd2 a5 29. Rb1 b4 30. cxb4 Qxd4 31. Qe3 Qd5 32. a4 axb4 33. Rxb4 Rxb4 34. Bxb4 Qd1+ 35. Kg2 Qxa4 36. Qc5 Qa8+ 37. Kg3 Bf8 38. Qb6 Bxb4 39. Qxb4 Qc8 40. Qc3 Qc6 41. h3 Kg7 42. f3 Qd5 43. f5 gxf5 44. Qe3 h6 45. Kh4 Qd8+ 46. Kh5 Qg5+ 0-1